000 01647nam a2200325 i 4500
999 _c65315
_d65315
001 768714001
003 CO-MdFUSB
005 20200212130955.0
008 191114t2019 -us |||| |||| 00| 0 spa d
020 _a9781948578240
040 _aCO-MdFUSB
_bspa
_cCO-MdFUSB
_dCO-MdFUSBC
_erda
041 _aspa
082 1 _223
_a268.6
_bP348e
100 _aPazmiño, Robert W.
_eautor
245 1 _aEnseñando con unción :
_bcolaborando con el Espíritu Santo.
_c/ Robert W. Pazmiño ; Octavio J. Esqueda
264 1 _aEstados Unidos :
_bPublicaciones Kerigma,
_c[2019]
264 4 _c© 2019
300 _a176 páginas
_c; 23 cm
336 _2rdacontent
_atexto
_btxt
337 _2rdamedia
_asin mediación
_bn
338 _2rdacarrier
_avolumen
_bnc
505 _aLa enseñanza en el Espíritu y la liberación. -- La enseñanza y la libertad de expresión. -- La enseñanza y la libertad de culto. -- La enseñanza y la libertad de la necesidad. -- La enseñanza y la libertad del temor. -- La enseñanza en el Espíritu y la celebración. -- La enseñanza y la libertad de la verdad. -- La enseñanza y la libertad para amar. -- La enseñanza y la libertad de la fe. -- La enseñanza y la libertad de la fe. -- La enseñanza y la libertad de la esperanza. -- La enseñanza y la libertad de la necesidad. -- La enseñanza en el Espíritu y el sustento. -- La enseñanza y la vida comunitaria. -- La enseñanza y la vida privada.
563 _aRústico
650 0 _950
_aEspíritu Santo
650 0 _9180
_aTeología práctica
650 7 _9655
_aIglesia
700 _92696
_aEsqueda, Octavio J.
_eautor
942 _cBK
945 _aJTF-925